Sprievodné ťažkosti

Bibliographic Details
Main Author: Kaloň, Milan (Author)
Other Authors: Chrenka, P. (gup)
Format: Article
Language:Slovak
Subjects:

MARC

LEADER 00000nab a2200000 a 4500
001 vtls000047705
003 SK-MaSNL
005 20260303030217.0
008 111103c1979 xo 0 slo
015 |a SNBRB19rr/mm-uuuuu 
035 |a CL0057801 
040 |a SNKBUCL  |b slo  |c SNKBUCL  |e AACR2 
041 0 |a slo 
044 |a xo  |c SK 
080 |a 885.4-7  |2 1981 
100 1 |a Kaloň, Milan  |4 aut  |9 925833 
245 1 0 |a Sprievodné ťažkosti  |c Milan Kaloň ; P. Chrenka 
650 0 7 |a fejtóny humoristické  |2 snkbucl  |9 900451 
655 7 |a články z novín a časopisov  |2 snkbucl  |9 267496 
655 7 |a články z odboru literárna veda a krásna literatúra  |2 snkbucl  |9 770045 
700 1 |a Chrenka, P.  |4 gup  |9 267958 
773 0 |t Smer  |g Roč. 31, č. 253 (26. 10. 1979), s. 21 
850 |a Slovenská národná knižnica v Martine  |a MTA001 
852 |a SNK  |b KIS3GCP 
958 |a RK 
958 |a LX 
992 |a RBX 
999 |c 1651017  |d 1652947